| 000 | 00761nam a2200253 a 4500 | ||
|---|---|---|---|
| 001 | 10977 | ||
| 003 | BD-RjUL | ||
| 005 | 20211208235040.0 | ||
| 008 | 161026s1965 nyua b 001 0 eng d | ||
| 020 | _a0470237422 | ||
| 035 | _a(BD-RjUL)11026 | ||
| 040 |
_aDLC/ICU _cICU _dDLC _d(BD-RjUL) _beng |
||
| 041 | _aeng | ||
| 082 | 0 | 0 |
_a547.1223 _bCON 1965 _223 |
| 245 | 0 | 0 |
_aConformational analysis / _cErnest L. Eliel ... [et. al.]. |
| 260 |
_aNew York : _bInterscience Publishers , _cc1965 |
||
| 300 |
_axiii, 524 p. : _bill. ; _c24 cm. |
||
| 504 | _aIncludes bibliographies And Index | ||
| 650 | 0 |
_aStrereochemistry _933923 |
|
| 650 | 0 |
_aConformational analysis. _9213868 |
|
| 700 |
_aEliel, Ernest L. _9213870 |
||
| 942 |
_2ddc _cBK |
||
| 999 |
_c10977 _d10977 |
||